[Event "11. Lichtenberger Sommer"]
[Site "Berlin"]
[Date "2012.08.23"]
[Round "6.81"]
[White "Becker, Uwe"]
[Black "Bollenbach, Horst"]
[Result "1-0"]
[WhiteElo "1817"]
[BlackElo "1742"]
[PlyCount "53"]
[EventDate "2012.??.??"]
[WhiteTeam "SV Glück auf Rüdersdorf e.V."]
[BlackTeam "SC Friesen Lichtenberg e.V."]

1. f4 d5 2. Nf3 g6 3. g3 Bg7 4. Bg2 Nf6 5. O-O O-O 6. c3 c5 7. d3 Nc6 8. Na3 a6
9. Nc2 Re8 10. Nh4 d4 11. e4 dxe3 12. Bxe3 b6 13. Bxc6 Bh3 14. Bxe8 Bxf1 15.
Bxf7+ Kxf7 16. Kxf1 Ra7 17. Qe2 Qd5 18. Kf2 h5 19. c4 Qe6 20. Kg2 Ng4 21. Rf1
Bh6 22. h3 Nf6 23. Nf3 Qf5 24. Nh4 Qd7 25. f5 g5 26. Nf3 Qc6 27. Kh2 1-0

[Event "11. Lichtenberger Sommer"]
[Site "Berlin"]
[Date "2012.08.23"]
[Round "6.82"]
[White "Kapp, Frank"]
[Black "Reichert, Lutz"]
[Result "1-0"]
[WhiteElo "1887"]
[BlackElo "1733"]
[PlyCount "61"]
[EventDate "2012.??.??"]
[WhiteTeam "TSV IFA Chemnitz"]
[BlackTeam "Schwarz-Weiß Neukölln e.V."]

1. d4 d6 2. g3 e5 3. Bg2 exd4 4. Qxd4 Nc6 5. Qa4 Bd7 6. c3 Nf6 7. Bg5 Be7 8.
Nf3 O-O 9. O-O Re8 10. Re1 Qc8 11. Nbd2 Rb8 12. e4 a5 13. Qc2 b5 14. Nd4 Ne5
15. Re2 Nd5 16. exd5 Bxg5 17. f4 c5 18. dxc6 Bg4 19. Ree1 Bxf4 20. gxf4 Bh3 21.
fxe5 Bxg2 22. Kxg2 dxe5 23. Ne2 Qxc6+ 24. Qe4 Qh6 25. Nf3 Re6 26. Ng3 f5 27.
Qd5 f4 28. Rxe5 Rbe8 29. Rxe6 Rxe6 30. Re1 fxg3 31. Qxe6+ 1-0

[Event "11. Lichtenberger Sommer"]
[Site "Berlin"]
[Date "2012.08.23"]
[Round "6.83"]
[White "Heinrich, Wesko"]
[Black "Kretzschmar, Jan"]
[Result "1-0"]
[WhiteElo "1555"]
[BlackElo "1839"]
[PlyCount "55"]
[EventDate "2012.??.??"]
[WhiteTeam "SG Narva Berlin e.V."]
[BlackTeam "SC Kreuzberg e.V."]

1. e4 c5 2. Nf3 d6 3. d4 cxd4 4. Nxd4 Nf6 5. Nc3 a6 6. Bg5 e6 7. Bd3 Be7 8. h3
Qb6 9. Nb3 Nc6 10. Be3 Qc7 11. a3 b5 12. f4 Bb7 13. Qe2 O-O 14. g4 d5 15. exd5
Nxd5 16. Nxd5 Bh4+ 17. Kd2 exd5 18. g5 d4 19. Nxd4 Nxd4 20. Qh5 g6 21. Qh6 Nf3+
22. Kc1 Rfd8 23. f5 Rxd3 24. f6 Qxc2+ 25. Kxc2 Rc8+ 26. Kxd3 Ne5+ 27. Ke2 Rc2+
28. Kd1 1-0

[Event "11. Lichtenberger Sommer"]
[Site "Berlin"]
[Date "2012.08.23"]
[Round "6.84"]
[White "Zesewitz, Martin"]
[Black "Remboldt, Viktor"]
[Result "1/2-1/2"]
[WhiteElo "1870"]
[BlackElo "1802"]
[PlyCount "62"]
[EventDate "2012.??.??"]
[WhiteTeam "SF Friedrichshagen"]
[BlackTeam "Bille SC von 1924 e.V."]

1. f4 e5 2. fxe5 d6 3. exd6 Bxd6 4. Nf3 Nf6 5. g3 Ng4 6. Bg2 h5 7. d4 h4 8. e4
hxg3 9. e5 Nf2 10. Qe2 Bb4+ 11. c3 Nxh1 12. Qb5+ Bd7 13. Qxb4 Nf2 14. Qc4 Be6
15. Qb5+ Qd7 16. Qxd7+ Nxd7 17. hxg3 Nd3+ 18. Kd2 Nxc1 19. Kxc1 Bd5 20. Nbd2
O-O-O 21. Nf1 c5 22. Kd2 cxd4 23. cxd4 Nb6 24. Kd3 Kb8 25. Ne3 Bxf3 26. Bxf3
Na4 27. b4 Nb6 28. Nf5 g6 29. Nd6 Rd7 30. Rh1 Rxh1 31. Bxh1 Nc8 1/2-1/2

[Event "11. Lichtenberger Sommer"]
[Site "Berlin"]
[Date "2012.08.23"]
[Round "6.85"]
[White "Kollars, Michael"]
[Black "Casny, Guenter"]
[Result "0-1"]
[WhiteElo "1649"]
[BlackElo "1860"]
[PlyCount "134"]
[EventDate "2012.??.??"]
[WhiteTeam "Delmenhorster SK V 1931"]
[BlackTeam "SC Rochade e.V."]

1. e4 c6 2. d4 d5 3. e5 e6 4. Nf3 Nd7 5. Be3 a5 6. Bd3 Qc7 7. Nbd2 b5 8. c3 Nb6
9. Qc2 g6 10. a3 Ba6 11. Nb3 Nc4 12. Bxc4 bxc4 13. a4 cxb3 14. Qxb3 Ne7 15. Qc2
Nf5 16. Bg5 Be7 17. Bd2 Rb8 18. h4 h5 19. Bg5 Bc4 20. Qd2 Qb7 21. Bxe7 Qxe7 22.
O-O-O Bb3 23. Rde1 Bxa4 24. Ng5 Bb5 25. f3 a4 26. g4 hxg4 27. fxg4 Bc4 28. gxf5
gxf5 29. b4 axb3 30. Kb2 Ra8 31. Ra1 Ra2+ 32. Rxa2 bxa2 33. Ka1 Qb7 34. Qb2
Qxb2+ 35. Kxb2 Ke7 36. Nf3 Ra8 37. Nd2 Bd3 38. Ra1 f6 39. Rxa2 Rxa2+ 40. Kxa2
fxe5 41. dxe5 f4 42. Nf3 Be2 43. Nh2 Kf7 44. Kb3 Kg6 45. Kc2 Kh5 46. Kd2 Bg4
47. Ke1 Kxh4 48. Kf2 c5 49. Nf1 Kg5 50. Nd2 Kf5 51. c4 Kxe5 52. Nb3 Kd6 53. Nd2
e5 54. cxd5 Kxd5 55. Nb1 c4 56. Nc3+ Kd4 57. Nb5+ Kd3 58. Ke1 c3 59. Na3 c2 60.
Nxc2 Kxc2 61. Kf2 Kd2 62. Kf1 e4 63. Kf2 Bh3 64. Kg1 e3 65. Kh1 f3 66. Kg1 f2+
67. Kh1 f1=Q+ 0-1

[Event "11. Lichtenberger Sommer"]
[Site "Berlin"]
[Date "2012.08.23"]
[Round "6.86"]
[White "Gnaß, Erhard"]
[Black "Rauscher, Joachim"]
[Result "0-1"]
[WhiteElo "1528"]
[BlackElo "1866"]
[PlyCount "98"]
[EventDate "2012.??.??"]
[WhiteTeam "SK Zehlendorf e.V."]
[BlackTeam "SC Brett vor'm Kopp Ffm"]

1. c4 Nf6 2. g3 g6 3. Bg2 Bg7 4. Nc3 c6 5. Nf3 O-O 6. O-O e6 7. Rb1 a5 8. a4 d5
9. cxd5 exd5 10. d4 Bf5 11. Ra1 Nbd7 12. Nh4 Be6 13. b3 Re8 14. Nf3 Rc8 15. Bg5
h6 16. Bxf6 Qxf6 17. e3 Bg4 18. h3 Be6 19. Kh2 Qe7 20. Rb1 Qb4 21. Na2 Qd6 22.
Qd2 Ra8 23. Nc1 Bf5 24. Rb2 Qc7 25. Nd3 Bf8 26. Nfe5 Nxe5 27. Nxe5 Bb4 28. Qe2
Rad8 29. Ng4 Kg7 30. Ne5 Bd6 31. f4 Re7 32. g4 Bc8 33. Qf3 Rde8 34. g5 hxg5 35.
fxg5 Bxe5+ 36. dxe5 Qxe5+ 37. Kh1 Qxb2 38. Qf6+ Qxf6 39. gxf6+ Kg8 40. fxe7
Rxe7 41. Re1 Bf5 42. Kg1 Bc2 43. Rc1 Bxb3 44. Rc5 Bxa4 45. Rxa5 Bb5 46. Kf2 Kg7
47. Bxd5 b6 48. Ra2 cxd5 49. Rb2 Bd7 0-1

[Event "11. Lichtenberger Sommer"]
[Site "Berlin"]
[Date "2012.08.23"]
[Round "6.88"]
[White "Schreiber, Ben-Luca"]
[Black "Körner, Helmut"]
[Result "0-1"]
[WhiteElo "1677"]
[BlackElo "1936"]
[PlyCount "92"]
[EventDate "2012.??.??"]
[WhiteTeam "SG Lasker Steglitz-Wilmersdorf"]
[BlackTeam "Sfr.Nord-Ost Berlin"]

1. d4 Nf6 2. c4 d6 3. Nc3 Nbd7 4. Nf3 c6 5. e4 e5 6. d5 Be7 7. Be2 Nc5 8. Qc2
Bg4 9. O-O O-O 10. Be3 Ncd7 11. h3 Bxf3 12. Bxf3 Ne8 13. Rfd1 Bg5 14. Bxg5 Qxg5
15. b4 c5 16. a3 g6 17. Qd2 Qe7 18. Na4 Rc8 19. Rdc1 Ng7 20. Rab1 f5 21. bxc5
Nxc5 22. Nxc5 Rxc5 23. Qb4 b6 24. a4 Qh4 25. Qe1 fxe4 26. Qxe4 Rf4 27. Qe2
Rfxc4 28. Rxc4 Qxc4 29. Qxc4 Rxc4 30. a5 e4 31. Be2 Rc2 32. Bf1 bxa5 33. Rb8+
Kf7 34. Rb7+ Kf6 35. Rxa7 Rc5 36. Kh2 g5 37. Rb7 h5 38. Rb5 Rxb5 39. Bxb5 Nf5
40. g4 hxg4 41. hxg4 Ne7 42. Bc4 Ke5 43. Kg3 Nxd5 44. f3 Nf4 45. fxe4 Kxe4 46.
Kf2 a4 0-1

[Event "11. Lichtenberger Sommer"]
[Site "Berlin"]
[Date "2012.08.23"]
[Round "6.89"]
[White "Köhler, Hans-Christian"]
[Black "Baatz, Karl-Heinz"]
[Result "1/2-1/2"]
[WhiteElo "1431"]
[BlackElo "1807"]
[PlyCount "93"]
[EventDate "2012.??.??"]
[WhiteTeam "Schachgemeinschaft 2011 Sennewit"]
[BlackTeam "SF Friedrichshagen"]

1. e4 Nf6 2. e5 Nd5 3. d4 d6 4. exd6 exd6 5. c4 Nb6 6. Be2 Nc6 7. Nf3 Bg4 8. b3
Be7 9. O-O O-O 10. h3 Bxf3 11. Bxf3 Bf6 12. Bb2 d5 13. c5 Nc8 14. Na3 N8e7 15.
Nc2 b6 16. Rb1 Na5 17. Be2 bxc5 18. dxc5 Bxb2 19. Rxb2 Rb8 20. Nd4 c6 21. Qd2
Qc7 22. Ba6 Ng6 23. Nf5 Nb7 24. Bxb7 Rxb7 25. Nd6 Rbb8 26. Re1 Ne7 27. Qc3 Qd7
28. Rbe2 Ng6 29. Qe3 Rfd8 30. f4 Rb4 31. f5 Nf8 32. Qe7 Rbb8 33. Qxd7 Nxd7 34.
Re7 Nxc5 35. Nxf7 Rf8 36. Ne5 Rxf5 37. Nxc6 Rb6 38. Nd4 Rf7 39. Rxf7 Kxf7 40.
Re2 Ra6 41. Rd2 Ne6 42. Nb5 d4 43. Nxd4 Nxd4 44. Rxd4 Rxa2 45. Rd7+ Kf6 46. Kh1
a5 47. Kg1 1/2-1/2

[Event "11. Lichtenberger Sommer"]
[Site "Berlin"]
[Date "2012.08.23"]
[Round "6.92"]
[White "Zelanti, Markus"]
[Black "Wege, Hermann"]
[Result "0-1"]
[WhiteElo "1487"]
[BlackElo "1912"]
[PlyCount "107"]
[EventDate "2012.??.??"]
[WhiteTeam "Queer-Springer SSV Berlin"]
[BlackTeam "Schachclub Rathenow e.V."]

1. b4 e6 2. Bb2 Nf6 3. b5 d5 4. e3 c5 5. c4 Nbd7 6. Nf3 Bd6 7. Be2 b6 8. O-O
Bb7 9. d4 cxd4 10. exd4 dxc4 11. Bxc4 O-O 12. Nbd2 Rc8 13. Rc1 Nd5 14. Re1 N7f6
15. Qa4 Qe7 16. Ne5 Rc7 17. Ndf3 Nf4 18. Qb3 Rfc8 19. Bf1 Ng6 20. Rxc7 Rxc7 21.
Nxg6 hxg6 22. g3 Bd5 23. Qe3 Bxa2 24. Ra1 Bd5 25. Bg2 Rc2 26. Ba3 Ne4 27. Bxd6
Qxd6 28. Rf1 f5 29. Ne5 g5 30. Bxe4 Bxe4 31. g4 Qd8 32. gxf5 exf5 33. f3 Bd5
34. Qd3 Qc7 35. Qxf5 Rc1 36. Qxg5 Rxf1+ 37. Kxf1 Bc4+ 38. Nxc4 Qxc4+ 39. Kg2
Qxd4 40. h4 Qd6 41. Kh3 Qd7+ 42. Kg3 Qd6+ 43. Kg4 Qd4+ 44. Kh5 Qc5 45. f4 Qd6
46. f5 Qd1+ 47. Kg6 Qd6+ 48. f6 Qd3+ 49. Qf5 Qg3+ 50. Kh5 Qe3 51. fxg7 Qe2+ 52.
Kg6 Qg2+ 53. Qg5 Qc2+ 54. Kh6 0-1

[Event "11. Lichtenberger Sommer"]
[Site "Berlin"]
[Date "2012.08.23"]
[Round "6.93"]
[White "Koerber, Bernhard"]
[Black "Stiewe, Frank"]
[Result "1/2-1/2"]
[WhiteElo "1643"]
[BlackElo "1679"]
[PlyCount "90"]
[EventDate "2012.??.??"]
[WhiteTeam "SK Zehlendorf e.V."]
[BlackTeam "vereinslos"]

1. e4 e5 2. Nf3 Nc6 3. Bb5 Nge7 4. c3 d6 5. d4 Bd7 6. dxe5 dxe5 7. O-O Ng6 8.
Qb3 Bd6 9. Ng5 O-O 10. Bc4 Be8 11. Bd5 Na5 12. Qd1 h6 13. Qh5 Qf6 14. Nh3 c6
15. Bb3 Nxb3 16. axb3 a6 17. Bg5 Nf4 18. Nxf4 Qxg5 19. Qxg5 hxg5 20. Ne2 f6 21.
Rd1 Rd8 22. Ng3 g6 23. Na3 Bf7 24. Nc4 Bxc4 25. bxc4 c5 26. Rd3 Rd7 27. Rad1
Rfd8 28. Nf1 Kf7 29. Ne3 Ke6 30. Nd5 Bb8 31. Rh3 b5 32. b3 bxc4 33. bxc4 a5 34.
Ra1 Ra7 35. Rh6 Rg8 36. g4 Ra6 37. Ra4 Bd6 38. Kg2 Kf7 39. Rh7+ Rg7 40. Rh6 Rg8
41. h4 Kg7 42. hxg5 fxg5 43. Rh1 Rb8 44. Rha1 Rba8 45. f3 R8a7 1/2-1/2

[Event "11. Lichtenberger Sommer"]
[Site "Berlin"]
[Date "2012.08.23"]
[Round "6.94"]
[White "Engers, Felix"]
[Black "Laurin, Dirk"]
[Result "1-0"]
[WhiteElo "1767"]
[BlackElo "1665"]
[PlyCount "97"]
[EventDate "2012.??.??"]
[WhiteTeam "SC Zitadelle Spandau 1977 e.V."]
[BlackTeam "SG Narva Berlin e.V."]

1. c4 g6 2. g3 Bg7 3. Bg2 d6 4. Nc3 Nf6 5. Nf3 O-O 6. O-O e5 7. d3 Nc6 8. Bg5
Ne7 9. Qd2 c6 10. Bh6 Ng4 11. Bxg7 Kxg7 12. d4 exd4 13. Qxd4+ Nf6 14. e4 c5 15.
Qd3 a6 16. Rfd1 Nc6 17. Qxd6 Qxd6 18. Rxd6 Be6 19. b3 h6 20. Ne1 Ne8 21. Rd2
Nd4 22. Nc2 Nxc2 23. Rxc2 Nc7 24. Na4 b5 25. Nxc5 bxc4 26. Nxe6+ Nxe6 27. Rxc4
Rfd8 28. Rac1 Nd4 29. Rd1 Ra7 30. Kf1 Rad7 31. Rcc1 Nb5 32. Rxd7 Rxd7 33. Ke2
Nd4+ 34. Ke3 Ne6 35. Rc6 Nc7 36. b4 Re7 37. Kd4 Ne6+ 38. Kc4 Ra7 39. f4 Nd8 40.
Rd6 Rc7+ 41. Kb3 Ne6 42. Bh3 Kf6 43. e5+ Ke7 44. Bxe6 fxe6 45. Rxa6 Rd7 46. Rd6
Rc7 47. a4 g5 48. a5 Rc8 49. a6 1-0

[Event "11. Lichtenberger Sommer"]
[Site "Berlin"]
[Date "2012.08.23"]
[Round "6.95"]
[White "Lippianowski, Stefan"]
[Black "Tschirschwitz, Stephan"]
[Result "0-1"]
[WhiteElo "1259"]
[BlackElo "1557"]
[PlyCount "36"]
[EventDate "2012.??.??"]
[WhiteTeam "Treptower SV 1949 e.V."]
[BlackTeam "SG Lasker Steglitz-Wilmersdorf"]

1. d4 d5 2. Nc3 Nf6 3. e4 dxe4 4. d5 h6 5. Bb5+ Bd7 6. Qe2 e6 7. dxe6 fxe6 8.
Nxe4 Nxe4 9. Qxe4 Bxb5 10. Qxb7 Bc6 11. Qb3 Bxg2 12. Qxe6+ Qe7 13. Qxe7+ Bxe7
14. Bf4 c5 15. O-O-O Bxh1 16. Ne2 Bf3 17. Rd2 O-O 18. Ng3 Rxf4 0-1

[Event "11. Lichtenberger Sommer"]
[Site "Berlin"]
[Date "2012.08.23"]
[Round "6.96"]
[White "Urbaniak, Andreas"]
[Black "Kranch, Klaus"]
[Result "0-1"]
[WhiteElo "1708"]
[BlackElo "1770"]
[PlyCount "42"]
[EventDate "2012.??.??"]
[WhiteTeam "SV Berolina Mitte e.V."]
[BlackTeam "SC Rochade e.V."]

1. f4 d5 2. Nf3 Nf6 3. e3 Bg4 4. Be2 e6 5. O-O c5 6. d4 Nc6 7. Nbd2 Be7 8. b3
O-O 9. c4 Qc7 10. Bb2 Rfd8 11. Qc2 Bf5 12. Qc1 Ng4 13. Nb1 Rac8 14. h3 Nf6 15.
dxc5 Ne4 16. Qe1 Bxc5 17. Nd4 Qb6 18. Nd2 Nxd4 19. Nxe4 Nxe2+ 20. Qxe2 Bxe3+
21. Nf2 dxc4 0-1

[Event "11. Lichtenberger Sommer"]
[Site "Berlin"]
[Date "2012.08.23"]
[Round "6.97"]
[White "Bastian, Reinhard"]
[Black "Geist, Wolfgang"]
[Result "0-1"]
[WhiteElo "1620"]
[BlackElo "1306"]
[PlyCount "112"]
[EventDate "2012.??.??"]
[WhiteTeam "vereinslos"]
[BlackTeam "SSV 90 Artern"]

1. e4 d5 2. exd5 Nf6 3. d4 Nxd5 4. c4 Nf6 5. Nc3 c6 6. Nf3 e6 7. Bd3 Bb4 8. O-O
O-O 9. Bg5 Be7 10. Qc2 h6 11. Bh4 Nbd7 12. Rad1 Re8 13. Ne5 Nf8 14. Rfe1 N6d7
15. Bxe7 Qxe7 16. Kh1 Nf6 17. Re3 Nh5 18. Rf3 f5 19. Re3 Nf6 20. f4 Ng4 21.
Nxg4 fxg4 22. d5 Bd7 23. dxe6 Bc8 24. Bg6 Nxg6 25. Qxg6 Rf8 26. f5 Rf6 27. Qxg4
Bxe6 28. Rxe6 Rxe6 29. fxe6 Rf8 30. h3 g5 31. h4 Rf4 32. Qe2 Rxh4+ 33. Kg1 Qc5+
34. Qf2 Rh1+ 35. Kxh1 Qxf2 36. Rd8+ Kg7 37. Kh2 Qf6 38. Rd7+ Kg6 39. e7 Kf7 40.
Rxb7 Ke8 41. Rxa7 Qe5+ 42. Kh1 Qb8 43. Ra3 Kxe7 44. Rb3 Qf4 45. a4 Qxc4 46.
Rb7+ Ke6 47. a5 Qa6 48. Rb6 Qxa5 49. Rxc6+ Kf5 50. Rxh6 Qa1+ 51. Kh2 Qxb2 52.
Rh3 Qb8+ 53. Kh1 g4 54. Rh5+ Kg6 55. Rc5 Qh8+ 56. Kg1 Qd4+ 0-1

[Event "11. Lichtenberger Sommer"]
[Site "Berlin"]
[Date "2012.08.23"]
[Round "6.98"]
[White "Pilgrim, Wilfried"]
[Black "Kasper, Peter"]
[Result "0-1"]
[WhiteElo "1486"]
[BlackElo "1822"]
[PlyCount "68"]
[EventDate "2012.??.??"]
[WhiteTeam "SC Kreuzberg e.V."]
[BlackTeam "SG Eckturm"]

1. Nf3 d5 2. c3 c5 3. e3 Nc6 4. Be2 Nf6 5. d4 c4 6. b3 b5 7. bxc4 bxc4 8. Ba3
Qa5 9. O-O Rb8 10. Bc1 Ne4 11. Bd2 Rb2 12. Qc1 Rxa2 13. Rxa2 Qxa2 14. Na3 e6
15. Nb5 Kd7 16. Qa1 Qxa1 17. Rxa1 a6 18. Na3 Bd6 19. Be1 Bb7 20. Nc2 Rb8 21.
Nb4 Nxb4 22. cxb4 Bc8 23. Ne5+ Kc7 24. Nxf7 Bxb4 25. Bxb4 Rxb4 26. f3 Nc3 27.
Bf1 Rb1 28. Ra5 Nb5 29. Kf2 Kb6 30. Ra2 c3 31. Bd3 Rb2+ 32. Rxb2 cxb2 33. e4
Nc3 34. exd5 b1=Q 0-1

[Event "11. Lichtenberger Sommer"]
[Site "Berlin"]
[Date "2012.08.23"]
[Round "6.99"]
[White "Jachym, Christoph"]
[Black "Meinicke, Kurt"]
[Result "1-0"]
[WhiteElo "1629"]
[BlackElo "1547"]
[PlyCount "69"]
[EventDate "2012.??.??"]
[WhiteTeam "SC Zugzwang 95 e.V."]
[BlackTeam "BSG 1827 Eckbauer e.V."]

1. e4 e5 2. Nf3 Nc6 3. Bb5 a6 4. Ba4 Nf6 5. O-O b5 6. Bb3 Na5 7. Nxe5 Nxb3 8.
axb3 Be7 9. d4 O-O 10. Qd3 Bb7 11. d5 d6 12. Nc6 Bxc6 13. dxc6 Ng4 14. f3 Ne5
15. Qd5 Re8 16. Bf4 Bf6 17. Bg3 Ng6 18. c3 Ne7 19. Qh5 Nxc6 20. Nd2 Ne5 21. f4
Nd3 22. Rf3 Nc5 23. e5 g6 24. Qh3 dxe5 25. fxe5 Bxe5 26. Rxf7 Kxf7 27. Qxh7+
Ke6 28. Bxe5 Kxe5 29. Nf3+ Kf6 30. Nh4 Rg8 31. Rf1+ Kg5 32. Nxg6 Rxg6 33. h4+
Kg4 34. Qxg6+ Kxh4 35. Rf4# 1-0

[Event "11. Lichtenberger Sommer"]
[Site "Berlin"]
[Date "2012.08.23"]
[Round "6.100"]
[White "Jiranek, Benno"]
[Black "Theilig, Reinhard"]
[Result "0-1"]
[WhiteElo "1442"]
[BlackElo "1722"]
[PlyCount "80"]
[EventDate "2012.??.??"]
[WhiteTeam "SC Kreuzberg e.V."]
[BlackTeam "VfB Hermsdorf e.V."]

1. d4 Nf6 2. Nf3 e6 3. e3 d5 4. Bd3 c5 5. c3 c4 6. Bc2 Nbd7 7. Nbd2 Bd6 8. e4
Nxe4 9. Nxe4 dxe4 10. Bxe4 Nf6 11. Bc2 O-O 12. Bg5 h6 13. Bh4 b5 14. Qd2 Bb7
15. O-O-O Qc7 16. Bxf6 Bf4 17. Be5 Bxd2+ 18. Nxd2 Qa5 19. a3 f6 20. Bg3 Bxg2
21. Rhg1 Bd5 22. Bd6 Rfd8 23. Bf4 g5 24. h4 Kf7 25. hxg5 hxg5 26. Be3 Rg8 27.
Ne4 Bxe4 28. Bxe4 Rad8 29. d5 Qc7 30. Rd2 Rd6 31. Rgd1 Rgd8 32. dxe6+ Ke7 33.
Rd5 Rxd5 34. Bxd5 a5 35. Rh1 Kd6 36. Rh6 Kxd5 37. Rxf6 Re8 38. Rf7 Re7 39. Rg7
Rxg7 40. Bd4 Rg6 0-1

[Event "11. Lichtenberger Sommer"]
[Site "Berlin"]
[Date "2012.08.23"]
[Round "6.101"]
[White "Vural, Argun"]
[Black "Möller, Dirk"]
[Result "0-1"]
[WhiteElo "1232"]
[BlackElo "1686"]
[PlyCount "48"]
[EventDate "2012.??.??"]
[WhiteTeam "SV Empor Berlin e.V."]
[BlackTeam "SC Kreuzberg e.V."]

1. e4 c5 2. Nf3 Nc6 3. Bb5 a6 4. Be2 d6 5. d4 cxd4 6. Nxd4 Nf6 7. Nc3 g6 8. Be3
Bg7 9. O-O O-O 10. a3 e5 11. Nxc6 bxc6 12. Qd2 d5 13. exd5 cxd5 14. Bg5 Bb7 15.
Rfd1 d4 16. Na4 Qc7 17. Rac1 Ne4 18. Qb4 Nxg5 19. c4 Qc6 20. f3 e4 21. fxe4
Qxe4 22. Bf3 Qe3+ 23. Kh1 Bxf3 24. Re1 Bxg2+ 0-1

[Event "11. Lichtenberger Sommer"]
[Site "Berlin"]
[Date "2012.08.23"]
[Round "6.102"]
[White "Günther, Boris"]
[Black "Güldenpfennig, Gavin"]
[Result "0-1"]
[WhiteElo "1433"]
[BlackElo "1544"]
[PlyCount "52"]
[EventDate "2012.??.??"]
[WhiteTeam "SF Friedrichshagen"]
[BlackTeam "BSC Rehberge 1945 e.V."]

1. d4 d5 2. Nc3 Nf6 3. Bg5 Nbd7 4. f3 e6 5. e4 dxe4 6. fxe4 Be7 7. Be2 c6 8.
Qd3 Qb6 9. O-O-O e5 10. Bxf6 Bxf6 11. d5 Nc5 12. Qg3 a5 13. Nf3 Nd7 14. dxc6
bxc6 15. Rd6 Rb8 16. Bb5 Qe3+ 17. Kb1 cxb5 18. Nd5 Qxe4 19. Nxf6+ gxf6 20. Qg7
Rf8 21. Rxd7 Bxd7 22. Qxf6 Rc8 23. Qxe5+ Qxe5 24. Nxe5 Bf5 25. Re1 Bxc2+ 26.
Ka1 Kd8 0-1

[Event "11. Lichtenberger Sommer"]
[Site "Berlin"]
[Date "2012.08.23"]
[Round "6.103"]
[White "Kramer, Ralf"]
[Black "Ziegel, Mandy Marie"]
[Result "0-1"]
[WhiteElo "1633"]
[BlackElo "853"]
[PlyCount "64"]
[EventDate "2012.??.??"]
[WhiteTeam "SV Königsjäger Süd-West e.V."]
[BlackTeam "Schachclub Oranienburg e.V."]

1. e4 e6 2. Nf3 d5 3. e5 c5 4. b4 a6 5. bxc5 Bxc5 6. d4 Bb6 7. Ba3 Nc6 8. c3 h5
9. Bd3 Bc7 10. Bc1 b5 11. Bg5 Qd7 12. a3 Rb8 13. Nh4 Nge7 14. Qf3 Nf5 15. Nxf5
exf5 16. Bxf5 Qxf5 17. Qxd5 Bd7 18. Be3 f6 19. O-O fxe5 20. Re1 Kd8 21. dxe5
Bxe5 22. Rd1 Kc7 23. f4 Bf6 24. Qd6+ Kc8 25. Nd2 Re8 26. Nf1 Rb7 27. Rac1 Be7
28. Qd2 Bxa3 29. Rb1 h4 30. Rb3 Bc5 31. c4 Be6 32. Rbb1 Bxc4 0-1

[Event "11. Lichtenberger Sommer"]
[Site "Berlin"]
[Date "2012.08.23"]
[Round "6.104"]
[White "Fontaine, Constantin"]
[Black "Bensch, Wolfgang"]
[Result "1-0"]
[WhiteElo "1343"]
[BlackElo "1665"]
[PlyCount "81"]
[EventDate "2012.??.??"]
[WhiteTeam "SK Tempelhof 1931 e.V."]
[BlackTeam "SC Eintracht Berlin e.V."]

1. g3 d5 2. Bg2 Nf6 3. Nf3 c6 4. d3 h6 5. Nbd2 Bf5 6. Ne5 Nbd7 7. Ndf3 e6 8.
O-O Bd6 9. Nxd7 Qxd7 10. c4 O-O 11. Nd2 Rfe8 12. e4 dxe4 13. dxe4 Bg6 14. Re1
e5 15. a3 Rad8 16. b4 c5 17. Nb3 b6 18. bxc5 Bxc5 19. Qxd7 Nxd7 20. Nxc5 Nxc5
21. a4 Rd4 22. a5 Nb3 23. axb6 Nxa1 24. bxa7 Rxc4 25. Bb2 Nb3 26. Bxe5 Ra4 27.
Bb8 Nc5 28. e5 Be4 29. Bxe4 Nxe4 30. Rxe4 Ra5 31. f4 Ra2 32. f5 Rc8 33. Rf4 Kf8
34. Rf2 Ra4 35. Kg2 Ke8 36. Rf3 Rc6 37. Rb3 Raa6 38. Rb7 Kf8 39. Bd6+ Kg8 40.
Rb8+ Kh7 41. a8=Q 1-0

[Event "11. Lichtenberger Sommer"]
[Site "Berlin"]
[Date "2012.08.23"]
[Round "6.105"]
[White "Dittrich, Tom"]
[Black "Grozea, Filip"]
[Result "1-0"]
[WhiteElo "1627"]
[BlackElo "822"]
[PlyCount "57"]
[EventDate "2012.??.??"]
[WhiteTeam "SG Blau-Weiß Stadtilm"]
[BlackTeam "TSG Oberschöneweide e.V."]

1. e4 e5 2. Nf3 Nc6 3. Bc4 d6 4. c3 Bg4 5. d3 Bxf3 6. Qxf3 Qf6 7. Qe2 Qe7 8.
Nd2 Nf6 9. Nf1 g6 10. Bg5 Bg7 11. Ne3 O-O 12. Nd5 Qd8 13. Qf3 Nb8 14. Nxf6+
Bxf6 15. Bxf6 Qc8 16. Be7 Qe8 17. Bxf8 Qxf8 18. O-O Nd7 19. Qh3 Nb6 20. Bb3 c6
21. f4 Re8 22. fxe5 Rxe5 23. Rxf7 Qxf7 24. Bxf7+ Kxf7 25. Qxh7+ Kf6 26. Rf1+
Kg5 27. h4+ Kg4 28. Qxg6+ Rg5 29. Qxg5# 1-0

[Event "11. Lichtenberger Sommer"]
[Site "Berlin"]
[Date "2012.08.23"]
[Round "6.106"]
[White "Hubbe, Bernd"]
[Black "Mildenberger, Hans"]
[Result "1/2-1/2"]
[WhiteElo "1409"]
[BlackElo "1626"]
[PlyCount "67"]
[EventDate "2012.??.??"]
[WhiteTeam "SC Rotation Pankow e.V."]
[BlackTeam "SG BVG Helmholtz 55"]

1. d4 Nf6 2. e3 e6 3. c4 d5 4. Nc3 c6 5. a3 Bd6 6. Nf3 Nbd7 7. cxd5 exd5 8. Bd3
O-O 9. O-O Re8 10. b4 Ne4 11. Bb2 Ndf6 12. Be2 Qc7 13. Ne5 Nxc3 14. Bxc3 Ne4
15. Bb2 f6 16. Nf3 Bg4 17. g3 Bh3 18. Bd3 Bxf1 19. Qxf1 Qd7 20. Rc1 Ng5 21. Qe2
Qe6 22. Nh4 Ne4 23. Rf1 Rf8 24. Qc2 Rae8 25. Bc1 g5 26. Nf3 Qg4 27. Kg2 f5 28.
Be2 f4 29. Ne5 Qe6 30. Bg4 Qe7 31. exf4 gxf4 32. Bxf4 Bxe5 33. Bxe5 Qg5 34. Bf3
1/2-1/2

[Event "11. Lichtenberger Sommer"]
[Site "Berlin"]
[Date "2012.08.23"]
[Round "6.107"]
[White "Paris, Gerhard"]
[Black "Schröder, Gert"]
[Result "1-0"]
[WhiteElo "1615"]
[BlackElo "1391"]
[PlyCount "55"]
[EventDate "2012.??.??"]
[WhiteTeam "TSG Oberschöneweide e.V."]
[BlackTeam "SV Königsjäger Süd-West e.V."]

1. e4 c6 2. d4 d6 3. Nf3 Nd7 4. Bd3 Qc7 5. O-O Ngf6 6. c3 h6 7. Na3 e5 8. Nc2
Be7 9. h3 d5 10. Re1 Bd6 11. dxe5 Nxe5 12. exd5 Bd7 13. Nxe5 O-O 14. Nxd7 Nxd7
15. dxc6 bxc6 16. Nd4 Nf6 17. Qf3 Nd5 18. Nf5 Bh2+ 19. Kh1 Bf4 20. Qg4 f6 21.
Bxf4 Nxf4 22. Bc4+ Nd5 23. Re7 Qxe7 24. Nxe7+ Kh8 25. Ng6+ Kh7 26. Nxf8+ Rxf8
27. Bxd5 cxd5 28. Qf5+ 1-0

[Event "11. Lichtenberger Sommer"]
[Site "Berlin"]
[Date "2012.08.23"]
[Round "6.108"]
[White "Duric, Rajko"]
[Black "Mühlhan, Klaus"]
[Result "0-1"]
[WhiteElo "1771"]
[BlackElo "2042"]
[PlyCount "117"]
[EventDate "2012.??.??"]
[WhiteTeam "SC Kreuzberg e.V."]
[BlackTeam "SC Empor Potsdam 1952 e.V."]

1. e4 c5 2. Nc3 b6 3. d3 Bb7 4. Nf3 e6 5. Bf4 d6 6. Be2 Be7 7. Qd2 Nf6 8. Bg5
h6 9. Bh4 Nc6 10. Bg3 Nd4 11. Bd1 a6 12. Nxd4 cxd4 13. Ne2 e5 14. O-O O-O 15.
f4 Nd7 16. c3 dxc3 17. bxc3 Rc8 18. Bb3 Nc5 19. Bd5 Bxd5 20. exd5 Nd7 21. c4 b5
22. Rfc1 exf4 23. Bxf4 Ne5 24. c5 Ng6 25. cxd6 Qb6+ 26. Be3 Qxd6 27. Rxc8 Rxc8
28. Rc1 Rxc1+ 29. Qxc1 Qxd5 30. Qd2 Ne5 31. Nf4 Qd6 32. Qc2 g5 33. Qc8+ Qd8 34.
Nd5 Kf8 35. Nxe7 Kxe7 36. Bc5+ Ke8 37. Qxa6 Qxd3 38. Qc8+ Qd8 39. Qxd8+ Kxd8
40. a3 h5 41. Bd4 f6 42. Kf2 Kd7 43. h3 Ke6 44. Ke2 f5 45. g3 Kd5 46. Be3 g4
47. h4 Ke4 48. Bc1 Nd3 49. Bg5 f4 50. gxf4 Nxf4+ 51. Kf2 Ne6 52. Be7 Kd3 53.
Bb4 Nd4 54. Kg3 Nf5+ 55. Kf4 Nxh4 56. Bd6 Nf3 57. Kg3 Ke4 58. Be7 Kf5 59. Bc5
0-1